Dans quel film Disney peut-on entendre ces chansons ? 2 - Statistiques

Statistiques générales
  • Ce quiz a été pris 183 fois
    140 depuis la dernière actualisation
  • Le résultat moyen est 12 sur 15
Statistiques - réponses
Question Réponse % Correct
Chez nous les poissons s'fendent la pipe Les vagues sont un vrai régal Là-haut ils s'écaillent et ils flippent À tourner dans leur bocal La petite Sirène
100%
L'hiver s'installe doucement dans la nuit La neige est reine à son tour Un royaume de solitude M'a placé là, pour toujours La reine des neiges
97%
A l'abri des fenêtres et des parapets de pierres Je regarde vivre les gens d'en bas Chaque jour, j'envie leur vie, moi qui vit solitaire Mais leur histoire, je ne la connais pas Le bossu de Notre-Dame
97%
J'aurais dû me mettre au régime Saluez tous mes amis pour moi Je n'aurais pas du sécher les cours de gym Ce gars-là nous flanque les foies Mais s'il voyait la fille en moi Je suis tout en nage mais nager je ne sais pas ! Mulan
97%
L'honneur d'une famille s'apprécie Quand la fille se marie... Trouvant un bon parti Elle gagne la partie ! Mulan
97%
L'amour brille sous les étoiles D'une étrange lumière La terre entière en parfaite harmonie Vit un moment royal Le roi Lion
93%
Guéris les blessures Éloigne la pluie Ce destin impur Rends-moi ce qu'il m'a pris Ce qu'il m'a pris Raiponce
93%
Quand on est deux copains Qu'on s'amuse de trois fois rien On a une sacré veine On s'aime comme des frères On s' fait pas la guerre. Rox et Rouky
93%
Je peux vous interpréter un morceau de Mozart Chatouiller les blanches, les noires, sans trêve On peut dire que je suis sans pitié En musique je ne fais pas de quartier Merci ! Ouais, vous l'aurez compris, moi j'ai un rêve Raiponce
90%
Combien de fois mes yeux ont vu des amoureux Couple heureux flânant dans le soir Ils rayonnaient l'espoir de mon âme S'illuminaient comme un vitrail Le bossu de Notre-Dame
83%
La patrouille des éléphants S'achemine pesamment La trompe en avant, Les oreilles au vent, Le livre de la jungle
80%
Si vous chipez des fruits sans épines Ce n'est pas la peine de faire attention Mais si le fruit de vos rapines est tout plein d'épines c'est beaucoup moins bon! Le livre de la jungle
77%
Oui, les hommes sont méchants Médisants et têtus Sauf toi, et je l'ai su dès que je t'ai vu. La reine des neiges
43%
Parfois tu tombes et ça fait mal Au fond d'un trou noir sans étoiles Parfois un sourire , vient te guérir Et ta vie repart vers l'espoir oui, tu auras tant de choses à revoir Le roi Lion
20%
C'est çà, le secret de la séduction Qui provoque une terrible réaction Et te vaudras, en amour, bien des satisfactions ! Rox et Rouky
13%
Aucun quiz correspondant
Distribution des résultats
% des personnes avec chaque résultat
Percentile par nombre de réponses
Votre historique - résultats
Vous n’avez pas pris ce quiz depuis la dernière actualisation